LEADER 01519nam a2200277 i 4500 001 000000252352 003 CaOOAMICUS 005 20220629120917.0 008 161222s1694 it u000 u ita u 013 $a231257 026 $adiii ,oa- e-na prno (3) 1694 (A) 040 $aSeMil$bita 100 1 $aBesozzo, Giovanni Giacomo.$0(OLS)http://semarc/name/83628 245 10$aDistinto raguaglio dell'origine, e stato presente dell'ottava meraviglia del mondo, o sia ... il Duomo di Milano. Descritto da Gio: Giacomo Besozzo. Nel quale si ha piena contentezza di tutte le cose riguardevoli, che in essa s'ammirano, .. 260 $aIn Milano :$bNella Stampa di Carlo Federico Gagliardi,$c1694. 300 $a[32], 348 p. ;$c12°. 500 $aIniz., fregi xilogr. 500 $aSegn.: a-b8 A-O8 P12 650 4$aMilano - Duomo.$0(OLS)http://semarc/subject/2739 700 1 $aGagliardi, Carlo Federico,$d.$0(OLS)http://semarc/name/14692 850 $aSeMil 852 $aSeMil$W1$xVenegono$y1$m3O I 128 FA$j202698$B202698$CSeMilBibl$Z2$F215453 $8I 961 $aRecupero: Deposito 996 $6245$aDistinto raguaglio dell'origine, e stato presente dell'ottava meraviglia del mondo, o sia ... il Duomo di Milano. Descritto da Gio: Giacomo Besozzo. Nel quale si ha piena contentezza di tutte le cose riguardevoli, che in essa s'ammirano, ..$9(OLS)http://semarc/title/354592 996 $6260$aIn Milano :$bNella Stampa di Carlo Federico Gagliardi$9(OLS)http://semarc/publisher/55495 LEADER 01169nam a2200277 i 4500 001 000000221615 003 CaOOAMICUS 005 20130730000000.0 008 130730s2005 it u000 u ita u 013 $a200512 020 $a88-7088-482-1 040 $aSeMil$bita 245 10$aStudi sull'anima in Plotino /$ca cura di Riccardo Chiaradonna. 260 $aNapoli :$bBibliopolis,$c2005. 300 $a412 p. ;$c22 cm. 490 0 $aElenchos : collana di studi, saggi e dibattiti ;$v42. 600 04$aPlotino <205-270>.$0(OLS)http://semarc/subject/3357 650 4$aAnima - Filosofia.$0(OLS)http://semarc/subject/2216 700 1 $aChiaradonna, Riccardo.$0(OLS)http://semarc/name/77523 830 0$aElenchos : collana di studi, saggi e dibattiti ;$v42.$0(OLS)http://semarc/title/20986 850 $aSeMil 852 $aSeMil$W1$xVenegono$y1$m2P VII 11$j171964$B171964$CSeMilBibl$Z2$F183639 $81 961 $aOmaggio: Conti don Ermenegildo 996 $6020$a88-7088-482-1$9(OLS)http://semarc/number/220676 996 $6245$aStudi sull'anima in Plotino$9(OLS)http://semarc/title/317693 996 $6260$aNapoli :$bBibliopolis$9(OLS)http://semarc/publisher/30003